[Event "HUN-chT2 Asztalos 0910"]
[Site "Hungary"]
[Date "2009.11.08"]
[Round "1"]
[White "Herczog, Timea"]
[Black "Horvath, Rudolf"]
[Result "0-1"]
[WhiteElo "1554"]
[BlackElo "1951"]
[PlyCount "66"]
[EventDate "2009.11.08"]
[EventType "team-tourn"]
[EventRounds "11"]
[EventCountry "HUN"]
[SourceTitle "EXT 2011"]
[Source "ChessBase"]
[SourceDate "2010.11.26"]
[SourceVersion "1"]
[SourceVersionDate "2010.11.26"]
[SourceQuality "1"]
[WhiteTeam "Siklos"]
[BlackTeam "Veszprem"]
[WhiteTeamCountry "HUN"]
[BlackTeamCountry "HUN"]

1. e4 e5 2. Nf3 Nc6 3. Nc3 Nf6 4. Bb5 d6 5. d3 Be7 6. d4 exd4 7. Nxd4 Bd7 8. Nxc6 Bxc6 9. Bd3 d5 10. exd5 Nxd5 11. Nxd5 Qxd5 12. f3 Bh4+ 13. g3 Qh5 14. Qe2+ Kf8 15. 0-0 Re8 16. Qf2 Bf6 17. Rb1 Qd5 18. a3 Bd4 19. Be4 Bxf2+ 20. Kxf2 Rxe4 21. fxe4 Qxe4 22. Bd2 Qxc2 23. Rfd1 Ba4 24. Ke2 Qxd1+ 25. Rxd1 Bxd1+ 26. Kxd1 Ke7 27. Bc3 f6 28. Bb4+ Ke6 29. Ke2 Rd8 30. Bc5 Kd5 31. Bxa7 b6 32. Kd3 Ra8 33. Bxb6 cxb6 0-1

[Event "HUN-ch U14 Girls"]
[Site "Balatonlelle"]
[Date "2009.07.03"]
[Round "7"]
[White "Balazs Szalai, Renata"]
[Black "Herczog, Timea"]
[Result "1-0"]
[WhiteElo "1810"]
[BlackElo "1612"]
[PlyCount "142"]
[EventDate "2009.06.27"]
[EventType "swiss"]
[EventRounds "9"]
[EventCountry "HUN"]
[SourceTitle "EXT 2011"]
[Source "ChessBase"]
[SourceDate "2010.11.26"]
[SourceVersion "1"]
[SourceVersionDate "2010.11.26"]
[SourceQuality "1"]

1. e4 e5 2. Nf3 Nc6 3. d4 exd4 4. Nxd4 Nxd4 5. Qxd4 d6 6. Nc3 Nf6 7. Bg5 Be7 8. 0-0-0 h6 9. Bh4 Be6 10. e5 dxe5 11. Qxe5 Qc8 12. Nb5 Bd8 13. Bxf6 gxf6 14. Qe3 a6 15. Nd4 Be7 16. Kb1 Qd7 17. Be2 Qd5 18. Nb3 Qxg2 19. Bf3 Qg5 20. Bxb7 Qxe3 21. fxe3 Ra7 22. Bc6+ Kf8 23. Nd4 Bd6 24. Rhf1 Be5 25. Rf2 Ke7 26. Rg1 Rd8 27. Nf3 a5 28. Rff1 Ra6 29. Be4 Rad6 30. Bd3 c5 31. b3 Ra8 32. Nxe5 fxe5 33. Rg7 Rf8 34. Rh7 Bh3 35. Rf3 Bg4 36. Rg3 Bd7 37. Rgg7 Be8 38. Kb2 Rf6 39. Kc3 a4 40. Kc4 axb3 41. axb3 Kd6 42. Rg4 Bd7 43. Rh4 Be6+ 44. Kc3 Rf3 45. e4 Rc8 46. R7xh6 f6 47. Rh8 f5 48. Kd2 f4 49. Ke2 Rxh8 50. Rxh8 Bg4 51. Ke1 Re3+ 52. Kf2 Rf3+ 53. Kg2 Re3 54. Rd8+ Bd7 55. h4 Rg3+ 56. Kf2 Rg7 57. Bb5 Kc7 58. Rxd7+ Rxd7 59. Bxd7 Kxd7 60. c3 Ke6 61. Kf3 Kf6 62. b4 cxb4 63. cxb4 Kg6 64. b5 Kh5 65. b6 Kxh4 66. b7 Kg5 67. b8Q Kf6 68. Qd6+ Kf7 69. Qxe5 Kg6 70. Qe6+ Kg7 71. Qe7+ Kg8 1-0

[Event "HUN-ch U14 Girls"]
[Site "Balatonlelle"]
[Date "2009.07.02"]
[Round "6"]
[White "Herczog, Timea"]
[Black "Honsch, Dalma Magdolna"]
[Result "0-1"]
[WhiteElo "1612"]
[BlackElo "1691"]
[PlyCount "212"]
[EventDate "2009.06.27"]
[EventType "swiss"]
[EventRounds "9"]
[EventCountry "HUN"]
[SourceTitle "EXT 2011"]
[Source "ChessBase"]
[SourceDate "2010.11.26"]
[SourceVersion "1"]
[SourceVersionDate "2010.11.26"]
[SourceQuality "1"]

1. e4 c5 2. Nc3 e6 3. Nf3 Nc6 4. d4 cxd4 5. Nxd4 a6 6. Be3 Bb4 7. Qd2 Nf6 8. f3 d5 9. Nxc6 bxc6 10. Kf2 Qd7 11. e5 Ng8 12. a3 Bxc3 13. Qxc3 Ne7 14. Bd3 0-0 15. Qd4 a5 16. Qg4 Ng6 17. Qg3 Ba6 18. h4 Bxd3 19. cxd3 Ne7 20. h5 h6 21. Qg4 Nf5 22. Rhc1 Nxe3 23. Kxe3 Rab8 24. Rab1 Rb6 25. Qa4 Qa7 26. d4 Qa6 27. Qd1 Rfb8 28. Qd2 Rb3+ 29. Rc3 R3b5 30. Qc2 R5b6 31. Qd2 Rb5 32. Qe2 Qb7 33. b3 Qa8 34. Qc2 R5b6 35. Qc1 Qb7 36. Qd2 Qe7 37. a4 Qg5+ 38. Ke2 Qxg2+ 39. Kd1 Qh1+ 40. Ke2 Qxh5 41. Rd3 Rb4 42. Qc3 Qg6 43. Qxc6 Rxd4 44. Qc3 Rxd3 45. Qxd3 Qxd3+ 46. Kxd3 Rb4 47. Ke3 Kh7 48. Kd3 h5 49. Kc3 h4 50. Rh1 Kh6 51. Rh3 Kh5 52. Rh1 g5 53. Rh2 Kg6 54. Rh1 Kf5 55. Rg1 Kf4 56. Rg4+ Kf5 57. Rg1 g4 58. fxg4+ Rxg4 59. Rf1+ Kg6 60. Rf6+ Kg7 61. Rf2 h3 62. Rh2 Rh4 63. Kd3 Kg6 64. Ke3 f6 65. exf6 Kxf6 66. Rf2+ Kg5 67. Rh2 Rb4 68. Rb2 Kg4 69. Kf2 d4 70. Re2 Kf5 71. Rd2 e5 72. Rd3 e4 73. Rxh3 e3+ 74. Ke1 Kg4 75. Rh8 Rxb3 76. Rg8+ Kf4 77. Rf8+ Ke4 78. Re8+ Kd3 79. Kf1 Rb4 80. Kg2 Rb2+ 81. Kf1 Rb1+ 82. Kg2 e2 83. Kf2 e1Q+ 84. Rxe1 Rxe1 85. Kxe1 Kc2 86. Ke2 d3+ 87. Ke3 d2 88. Kd4 d1Q+ 89. Kc4 Qb1 90. Kd4 Qb3 91. Kc5 Qb4+ 92. Kd5 Qc3 93. Ke4 Qd2 94. Ke5 Qd3 95. Kf4 Qe2 96. Kf5 Qe3 97. Kf6 Qe4 98. Kf7 Qe5 99. Kg6 Qf4 100. Kg7 Qf5 101. Kh8 Qd7 102. Kg8 Kd3 103. Kf8 Ke4 104. Kg8 Kf5 105. Kh8 Kg6 106. Kg8 Qg7# 0-1